| 000 | 00795nam a2200265 i 4500 | ||
|---|---|---|---|
| 001 | 000020836 | ||
| 003 | DO-SdBNP | ||
| 005 | 20240307073943.0 | ||
| 008 | 081112s1988 dr 000 0 spa d | ||
| 040 |
_aDO-SdBNP _bspa _cBNPHU _erda |
||
| 082 |
_a378.1012 _bI59r _222 |
||
| 110 | 2 |
_aInstituto Tecnológico de Santo Domingo _978911 |
|
| 245 | 1 | 0 | _aReglamentos académicos |
| 264 |
_aSanto Domingo : _bINTEC, _c1988. |
||
| 300 |
_a53 paginas. ; _c21 cm. |
||
| 336 |
_2rdacontent _atexto _btxt |
||
| 337 |
_2rdamedia _asin mediación _bn |
||
| 338 |
_2rdacarrier _avolumen _bnc |
||
| 505 | 0 | _a | |
| 590 | _aInventariado, 2023 /DG | ||
| 610 | 0 |
_aINSTITUTO TECNOLÓGICO DE SANTO DOMINGO _vREGLAMENTOS _91629 |
|
| 650 |
_aUniversidades _vREGLAMENTOS _91627 |
||
| 910 | _aDG | ||
| 942 |
_2ddc _cLBS1 |
||
| 999 |
_c54968 _d54968 |
||